000 00268nam a2200109Ia 4500
001 1272982
005 20260417151438.0
008 260417s9999 xx 000 0 und d
020 _a9786059493840
245 0 _aUyurgezer Ayı
_cJoan Aiken
260 _bTudem Yayınları
999 _c1272982
_d1272982